Design of information systems (Record no. 335)

MARC details
000 -LEADER
Fixed length control field 00495nam a22001817a 4500
003 - CONTROL NUMBER IDENTIFIER
Control field SEACOMMC
005 - DATE AND TIME OF LATEST TRANSACTION
Control field 20231109093004.0
008 - FIXED-LENGTH DATA ELEMENTS--GENERAL INFORMATION
Fixed length control field 231109b |||||||| |||| 00| 0 eng d
020 ## - INTERNATIONAL STANDARD BOOK NUMBER / ISBN
Price Rs. 240.00
040 ## - CATALOGING SOURCE
Original cataloging agency SEACOMMC
082 ## - DEWEY DECIMAL CLASSIFICATION NUMBER
Classification number 003.3401
Book Number MIS
100 1# - MAIN ENTRY--PERSONAL NAME
Personal name Mishra, Jibitesh
245 1# - TITLE STATEMENT
Title Design of information systems
Sub title a modern approach
Statement of responsibility Jibitesh Mishra and Ashok Mohanty
260 ## - IMPRINT
Place of publication New Delhi
Name of publisher Narosa
Date of publication 2000
650 ## - SUBJECT ADDED ENTRY--TOPICAL TERM
Topical term Computer science
700 1# - ADDED ENTRY--PERSONAL NAME
Personal name Mohanty, Ashok
942 ## - ADDED ENTRY ELEMENTS (KOHA)
Koha item type Books
Holdings
Withdrawn status Lost status Source of classification Damaged status Not for loan Home library Current library Date acquired Total Checkouts Call number Accession number Date last seen Price effective from Koha item type
    Dewey Decimal Classification     SEACOM MANAGEMENT COLLEGE SEACOM MANAGEMENT COLLEGE 19/09/2006   003.3401 MIS 05529 09/11/2023 09/11/2023 Books
© Seacom Engineering College, All rights reserved.    Powered by Koha